Statystyki dla AWOLNATION - Wszystkie piosenki

Kliknij tutaj aby rozwiązać quiz!

Ogólne statystyki

  • Ten quiz został rozwiązany 3 razy
  • Średni wynik to 3 z 69

Statystyki odpowiedzi

Tytuł piosenki% Poprawnych
Sail
100%
Carry On
33%
Dreamers
33%
I Am
33%
I'm On Fire
33%
Run
33%
Woman Woman
33%
A Little Luck and a Couple of Dogs
0%
All I Need
0%
All In My Head
0%
Battered, Black & Blue
0%
Burn It Down
0%
California Halo Blue
0%
Cannibals
0%
Cannonball
0%
Disco Body Parts
0%
Drinking Lightning
0%
Drive
0%
Everybody's Got a Secret
0%
Fat Face
0%
fragpole sitta
0%
Guilty Filthy Soul
0%
Half Italian
0%
Handyman
0%
Headrest for My Soul
0%
Here Comes The Runds
0%
Hollow Moon
0%
Holy Roller
0%
I'm A Wreck
0%
I'm No Good
0%
I've Been Dreaming
0%
Jailbreak
0%
Jealous Buffoon
0%
Jump on My Shoulders
0%
Kill It 4 The Kids
0%
Kill Your Heroes
0%
Knights of Shame
0%
KOOKSEVERYWHERE
0%
Lie Love Live Love
0%
Lightning Riders
0%
Like People, Like Plastic
0%
Maybe It's Time
0%
Mayday
0%
Megalithic Symphony
0%
MF
0%
Miracle Man
0%
My Molasses
0%
My Nightmare's Dream
0%
Not Your Faulth
0%
Pacific Coast Highway In The Movies
0%
Passion
0%
People
0%
Radical
0%
Seven Sticks of Dynamite
0%
Shoestrings
0%
Slam
0%
Some Kind of Joke
0%
Some Sort of Creatures
0%
Soul Wars
0%
Sound Witness System
0%
Stop That Train
0%
Swinging from the Castles
0%
Table for One
0%
Tall, Tall Tale
0%
The Best
0%
Thiskidsnotalright
0%
Wake Up
0%
Wichita Panama
0%
Windows
0%

Rozkład punktacji

Percentyl według liczby udzielonych odpowiedzi

Procent ludzi z każdym wynikiem

Twoja historia wyników

Nie rozwiązałeś tego quizu